20 biggest cities in France - Statistics

General Stats
  • This quiz has been taken 89 times
  • The average score is 14 of 20
Answer Stats
Rank City % Correct
1 Paris
100%
2 Marseille
99%
3 Lyon
97%
5 Nice
94%
4 Toulouse
94%
9 Bordeaux
91%
10 Lille
90%
6 Nantes
87%
7 Strasbourg
85%
8 Montpellier
76%
12 Rennes
76%
16 Saint-Etienne
65%
18 Dijon
63%
20 Grenoble
62%
11 Reims
62%
14 Le Havre
56%
15 Toulon
53%
19 Angers
41%
17 Nimes
33%
13 Cergy-Pontoise
0%
No matching quizzes found
Score Distribution
Percent of People with Each Score
Percentile by Number Answered
Your Score History
You have not taken this quiz